01730cam a22004097a 4500003000500000005001700005008004100022010001000063011001000073035001000083040000900093090001000102100003900112245016600151260004100317300004800358502007100406590003700477590004100514590004100555590004100596590004100637590004200678650003000720650001900750650003200769650003900801700004100840901000700881905002400888942000900912949006200921949005100983999001701034952014001051952012901191CHAP20220329142732.0030325d2002    mx a    r     00110 spa d  a87036  a88008  a98553  cCHAP  aTesis00aToledo Medrano, Esmeralda.911362510aEfecto de diferentes colores de acolchado en el cultivo del pepino(Cucumis sativus L.) cv. sprint 440c/por Esmeralda Toledo Medrano y Sandra Luz Torres Suárez  aChapingo, Méx. :bEl autor,c2002.  a88 h. ;bilus. ; gráfs. ; mapas ; cuadros  aTesis (Ing. en Irrigación) -- UACH. Departamento de Irrigación  aALEPHb10c20130110lUCH01h1452  aBATCH-UPDb10c20130110lUCH01h0338  aBATCH-UPDb10c20130110lUCH01h1917  aBATCH-UPDb10c20130410lUCH01h0011  aBATCH-UPDb10c20130913lUCH01h1914  aCONVERSIONb10c20130109lUCH01h134814aAcolchado de suelos.962314aPepino.98689514aPepinoxRendimiento.98692814aPlásticos en agricultura.98919900aTorres Suaréz, Sandra Luz.9114246  aBK  aMayto Villalobos S.  cFOLL  aTesisbBCcTESd33724000887394eTS2fc.2h40727i98553si  aTesisbBCcTESd98553123eTS1h40726i98553sb  c87036d87036  00102local4053708TESISaBCbBCcPA_TESISd2019-12-31fTESISl0oTesisp33724000887394r2019-12-31 00:00:00tc.2w2019-12-31yTESIS  00102local4051708TESISaBCbBCcPA_TESISd2019-12-31fTESISl0oTesisp98553123r2019-12-31 00:00:00w2019-12-31yTESIS